00951nab a2200181 i 4500001001000000003001000010005001700020008004100037040003000078041000800108100003500116245012100151520025900272650001900531650002700550653002300577773016900600768714001CO-MdFUSB20240509170430.0240509t1969 sp ||||| |||| 00| 0 spa d bspacCO-MdFUSBdCO-MdFUSB aspa aSteinmüller, Wilhelm,eautor 3aLa teología del derecho entre los protestantes y el derecho canónico de los católicosc/ Wilhelm Steinmüller aEste artículo se ocupa de la teología protestante del derecho con vistas a la problemática actual del derecho canónico católico. Principalmente, da un análisis al derecho divino y a su dinamismo en la Iglesia y en el derecho eclesiástico.  0aProtestantismo 7aTeología dogmática aDerecho canónico0 049450oR2538tRevista internacional de teología Conciliumw(CO-MdFUSB)8x0210-1041gNúmero 48, (septiembre - octubre, 1965), páginas: 187 - 203qpágina: 187